Зависимость интенсивности катодолюминесценции монокристаллического оксида цинка от энергии и плотности электронного пучка; Современные техника и технологии; Т. 3

Dades bibliogràfiques
Parent link:Современные техника и технологии: сборник трудов XVI Международной научно-практической конференции студентов, аспирантов и молодых ученых, Томск, 12-16 апреля 2010 г/ Национальный исследовательский Томский политехнический университет (ТПУ).— , 2010
Т. 3.— 2010.— [С. 301-302]
Autor principal: Аль-Обайди Н. Дж.
Altres autors: Шапиев И. М. (научный руководитель), Рабаданов Р. А.
Sumari:Заглавие с титульного листа
Электронная версия печатной публикации
Idioma:rus
Publicat: 2010
Matèries:
Accés en línia:http://www.lib.tpu.ru/fulltext/c/2010/C01/V1/141.pdf
Format: MixedMaterials Electrònic Capítol de llibre
KOHA link:https://koha.lib.tpu.ru/cgi-bin/koha/opac-detail.pl?biblionumber=236354

MARC

LEADER 00000naa2a2200000 4500
001 236354
005 20260415140300.0
035 |a (RuTPU)RU\TPU\book\257514 
035 |a RU\TPU\book\257506 
090 |a 236354 
100 |a 20130423d2010 k y0rusy50 ca 
101 0 |a rus 
102 |a RU 
135 |a drnn ---uucaa 
181 0 |a i  
182 0 |a b 
200 1 |a Зависимость интенсивности катодолюминесценции монокристаллического оксида цинка от энергии и плотности электронного пучка  |f Н. Дж. Аль-Обайди, И. М. Шапиев  |g науч. рук. Р. А. Рабаданов 
203 |a Текст  |c электронный 
215 |a 1 файл (248 Кб) 
300 |a Заглавие с титульного листа 
300 |a Электронная версия печатной публикации 
337 |a Adobe Reader 
461 1 |0 (RuTPU)RU\TPU\book\245271  |t Современные техника и технологии  |o сборник трудов XVI Международной научно-практической конференции студентов, аспирантов и молодых ученых, Томск, 12-16 апреля 2010 г  |o в 3 т.  |f Национальный исследовательский Томский политехнический университет (ТПУ)  |d 2010 
463 1 |0 (RuTPU)RU\TPU\book\255783  |t Т. 3  |v [С. 301-302]  |d 2010 
610 1 |a электронный ресурс 
610 1 |a оксид цинка 
610 1 |a катодолюминесценция 
610 1 |a монокристаллы 
610 1 |a электронные пучки 
610 1 |a плотность 
610 1 |a энергия 
610 1 |a зависимости 
610 1 |a полупроводниковые соединения 
610 1 |a окислительно-восстановительные реакции 
700 1 |a Аль-Обайди  |b Н. Дж. 
701 1 |a Шапиев  |b И. М. 
702 1 |a Рабаданов  |b Р. А.  |4 727 
801 1 |a RU  |b 63413507  |c 20130213 
801 2 |a RU  |b 63413507  |c 20130522  |g RCR 
856 4 |u http://www.lib.tpu.ru/fulltext/c/2010/C01/V1/141.pdf 
942 |c CF